El espacio novelesco en la obra de Galdós
Bewaard in:
| Hoofdauteur: | |
|---|---|
| Formaat: | Boek |
| Taal: | Spaans |
| Gepubliceerd in: |
Madrid
Ediciones Cultura Hispánica
1979
|
| Onderwerpen: | |
| Tags: |
Voeg label toe
Geen labels, Wees de eerste die dit record labelt!
|
MARC
| LEADER | 00000nam a2200000 a 4500 | ||
|---|---|---|---|
| 001 | UCT6810 | ||
| 003 | CL-VaPUC | ||
| 008 | 970113e19790000SP |||||||||||||||||spa|d | ||
| 082 | 0 | 4 | |a 863.09 |b LOP |2 21 |
| 100 | |a López Landy, Ricardo |e autor |9 377048 | ||
| 245 | 1 | 3 | |a El espacio novelesco en la obra de Galdós |
| 300 | |a 240 p | ||
| 942 | |c BK | ||
| 945 | |d 19970113 00:00:00 |a nastorga | ||
| 260 | |a Madrid |b Ediciones Cultura Hispánica |c 1979 | ||
| 600 | 0 | 7 | |a PEREZ GALDOS, BENITO |2 CL-VaPUC |9 318144 |
| 650 | 7 | |a NOVELA ESPAÑOLA |2 CL-VaPUC |9 313139 | |
| 650 | 0 | |a Historia y crítica |9 257407 | |
| 650 | 0 | |a Ideologías |9 255200 | |
| 650 | 0 | |a Morfología |9 334440 | |
| 650 | 0 | |a Realismo |9 259117 | |
| 650 | 0 | |a Espacio |9 336785 | |
| 650 | 0 | |a Geografía |9 259346 | |
| 650 | 7 | |a ESTRUCTURA |2 CL-VaPUC |9 355242 | |
| 650 | 0 | |a Tiempo |9 267892 | |
| 650 | 0 | |a Espacio |9 336785 | |
| 650 | 0 | |a Personajes |9 329683 | |
| 583 | |a last modification |c 19970113 00:00:00 |k Rodrigo Vera | ||
| 999 | |c 255481 |d 255479 | ||
| 952 | |0 0 |1 0 |4 0 |6 863_090000000000000_LOP_1979 |7 0 |8 A |9 277724 |a BIBEDU |b BIBEDU |d 2019-11-19 |i 327425K |o 863.09 LOP 1979 |p 327425K |r 2019-11-19 |w 2019-11-19 |y BK |k LIT | ||